=LDR 00000nam 2200000 4500 =001 INLIS000000000062058 =005 20230427094225 =035 ##$$a 0010-0423000024 =007 ta =008 230427################e##########f#ind## =100 #$$a Fara Divanti $e penulis$e Fara Divanti $e penulis =245 ##$$a Rindu /$c Fara Divanti; editor, Budi =250 ##$$a Cetakan 1 =300 ##$$a v, 174 halaman ; $c 19 cm =020 ##$$a 978-602-6409-25-6 =020 ##$$a 602-6409-25-4 =082 ##$$a 899.221 3 =084 ##$$a 899.221 3 FAR r =264 ##$$a Jakarta :$b Nuansa,$c 2017 =336 ##$$a teks$2 rdacontent =337 ##$$a tanpa perantara$2 rdamedia =338 ##$$a volume$2 rdacarrier =650 #4$$a Fiksi Indonesia =700 #$$a Budi$e Editor =990 ##$$a 01790179